List all Afroasiatic Languages - Statistics

General Stats
  • This quiz has been taken 422 times
  • The average score is 8 of 18
Answer Stats
Native Speakers Language % Correct
350 million Arabic
98%
5 million Hebrew
89%
32 million Amharic
83%
21.8 million Somali
77%
37.4 million Oromo
68%
60 million Hausa
62%
9.8 million Tigrinya
62%
850k Aramaic
49%
1.9 million Afar
45%
520k Maltese
44%
1 million Tigre
41%
4.6 million Tamazight
38%
6 million Kabyle
32%
7.2 million Shilha
16%
4.4 million Tarifit
9%
1.6 million Wolaitta
5%
587k Suret
4%
2 million Guruage
3%
No matching quizzes found
Score Distribution
Percent of People with Each Score
Percentile by Number Answered
Your Score History
You have not taken this quiz